000 00356pab a2200169 454500
008 180718b2007 xxu||||| |||| 00| 0 eng d
100 _aMahanta
245 _aNorth east: HIV and north east
260 _c2007
300 _ap.40-42.
362 _aDec
650 _aAIDS
700 _aMedhi, G.K.
773 _aYojana
908 _aN
909 _a76399
999 _c76399
_d76399